Ստվերների կառուցումը հեռանկարում : (Record no. 514466)
[ view plain ]
| 000 -LEADER | |
|---|---|
| fixed length control field | 01860nam a2200265 a 4500 |
| 003 - CONTROL NUMBER IDENTIFIER | |
| control field | AM-YEHGA |
| 005 - DATE AND TIME OF LATEST TRANSACTION | |
| control field | 20250618075952.0 |
| 008 - FIXED-LENGTH DATA ELEMENTS--GENERAL INFORMATION | |
| fixed length control field | 210812s2021 ai a|||frf||||001|0|arm|| |
| 020 ## - INTERNATIONAL STANDARD BOOK NUMBER | |
| International Standard Book Number | 9789939790060 |
| 040 ## - CATALOGING SOURCE | |
| Original cataloging agency | AM-YeHGA |
| 041 0# - LANGUAGE CODE | |
| Language code of text/sound track or separate title | arm |
| 001 - CONTROL NUMBER | |
| control field | 1785979 |
| 090 ## - LOCALLY ASSIGNED LC-TYPE CALL NUMBER (OCLC); LOCAL CALL NUMBER (RLIN) | |
| -- | 517991 |
| 100 1# - MAIN ENTRY--PERSONAL NAME | |
| Personal name | Թոքմաջյան, Լևոն Վաչեի |
| 9 (RLIN) | 8827 |
| 245 10 - TITLE STATEMENT | |
| Title | Ստվերների կառուցումը հեռանկարում : |
| Remainder of title | Ուսումնական ձեռնարկ / |
| Statement of responsibility, etc. | Լ.Վ. Թոքմաջյան ; Գրախոսներ՝ Ս. Կարապետյան, Հ. Շարաբխանյան ; [Խմբագիր՝ Ն.Ա. Խաչատրյան] ; ՀՀ կրթության, գիտության, մշակույթի և սպորտի նախարարություն ; Հայաստանի ազգային պոլիտեխնիկական համալսարան, Մեխանիկամեքենաշինական, տրանսպորտային համակարգերի և դիզայնի ինստիտուտ, Դիզայնի և կերպարվեստի ամբիոն. |
| 260 ## - PUBLICATION, DISTRIBUTION, ETC. | |
| Place of publication, distribution, etc. | Երևան : |
| Name of publisher, distributor, etc. | Ճարտարագետ, |
| Date of publication, distribution, etc. | 2021. |
| 300 ## - PHYSICAL DESCRIPTION | |
| Extent | 42 էջ : |
| Other physical details | նկար ; |
| Dimensions | 20 սմ. |
| 650 14 - SUBJECT ADDED ENTRY--TOPICAL TERM | |
| Topical term or geographic name entry element | Ներքին միջավայրի (ինտերիեր) դիզան |
| Form subdivision | Ուսումնական ձեռնարկներ |
| 700 ## - ADDED ENTRY--PERSONAL NAME | |
| Personal name | Կարապետյան, Ս. |
| Relator term | թարգմ. |
| Relationship | rev |
| 9 (RLIN) | 538 |
| 700 1# - ADDED ENTRY--PERSONAL NAME | |
| Personal name | Շարաբխանյան, Հ. |
| Relator term | գրախոս |
| Relationship | rev |
| 700 1# - ADDED ENTRY--PERSONAL NAME | |
| Personal name | Խաչատրյան, Ն.Ա. |
| Relator term | խմբագիր |
| Relationship | edt |
| 710 2# - ADDED ENTRY--CORPORATE NAME | |
| Corporate name or jurisdiction name as entry element | ՀՀ կրթության, գիտության, մշակույթի և սպորտի նախարարություն |
| 710 2# - ADDED ENTRY--CORPORATE NAME | |
| Corporate name or jurisdiction name as entry element | Հայաստանի ազգային պոլիտեխնիկական համալսարան : |
| Subordinate unit | Մեխանիկամեքենաշինական, տրանսպորտային համակարգերի և դիզայնի ինստիտուտ : |
| -- | Դիզայնի և կերպարվեստի ամբիոն |
| 942 ## - ADDED ENTRY ELEMENTS (KOHA) | |
| Source of classification or shelving scheme | Universal Decimal Classification |
| Koha item type | Գրքեր / Books |
| Withdrawn status | Lost status | Source of classification or shelving scheme | Damaged status | Not for loan | Collection | Home library | Current library | Date acquired | Total checkouts | Full call number | Barcode | Date last seen | Price effective from | Koha item type | Public note |
|---|---|---|---|---|---|---|---|---|---|---|---|---|---|---|---|
| Universal Decimal Classification | General | Fundamental Scientific Library | Fundamental Scientific Library | 06/08/2021 | AII/107525 | FL0656338 | 06/08/2021 | 06/08/2021 | Գրքեր / Books | 30 Days Loan | |||||
| Universal Decimal Classification | General | Fundamental Scientific Library | Fundamental Scientific Library | 06/08/2021 | AII/107526 | FL0656339 | 06/08/2021 | 06/08/2021 | Գրքեր / Books | 30 Days Loan |
ՀՀ Գիտությունների ազգային ակադեմիայի հիմնարար գիտական գրադարան = Fundamental Scientific Library of NAS RA
All site content, except where otherwise noted, is licensed under a